Statistics for 10 Most Popular Sports in the UK by TV Viewing

Click here to take the quiz!

General Stats

  • This quiz has been taken 456 times
  • The average score is 7 of 10

Answer Stats

HintAnswer% Correct
46%Association Football
100%
18%Cricket
87%
18%Tennis
82%
11%Golf
65%
21%Rugby Union
64%
12%Rugby League
59%
18%Athletics
58%
17%Snooker
51%
16%Motor Sports
44%
11%Boxing
42%

Score Distribution

Percentile by Number Answered

Percent of People with Each Score

Your Score History

You have not taken this quiz